000 00264nam a22001097a 4500
100 _aAli Nadwa, Syed Abu Ul Hasan
245 _aNaqoosh E Iqbal
260 _aKarachi :
_bService Book Club,
_c1988.
300 _a320 p. ;
_b22 cm.
500 _aHardcover.
942 _cBK
999 _c34089
_d34089